| 000 | 00906naa a22002897a 4500 | ||
|---|---|---|---|
| 001 | BR8305779 | ||
| 003 | BR-BrBNA | ||
| 005 | 20250721154421.0 | ||
| 007 | ta | ||
| 008 | 250630b bl.|||m| |||| 00| 0 por d | ||
| 040 |
_aBR-BrBNA _bpor _cBiblioteca Nacional de Agricultura |
||
| 041 | _a(Pt) | ||
| 072 |
_aP11 _b4630 _b0150 |
||
| 090 | _aP11 BR8305779 | ||
| 100 | 1 | _aBeltrame, L.F.S. | |
| 100 | 1 | _aTaylor, J.C. | |
| 245 | 1 | _aDrenagem das varzeas: metodo, maquinas e materiais | |
| 250 | 1 | _a2. ed. | |
| 500 | _aPROVARZEAS Nacional 2. ed.Brasilia, DF (Brasil): 1983. p. 65-71 [17 graphs] (BR8305779-AMS) | ||
| 650 | _aDRENAGEM | ||
| 650 | _aDRENO | ||
| 650 | _aTECNOLOGIA APROPRIADA | ||
| 650 | _aARROZ IRRIGADO | ||
| 490 |
_aInformacao Tecnica - Programa Nacional para Aproveitamento de Varzeas Irrigaveis (Brazil) _vno. 2 |
||
| 942 |
_cAMS _2AGRIS |
||
| 909 |
_a202506 _bLúcia _c55 _dLúcia Elande |
||
| 999 |
_c334616 _d334616 |
||